| 000 | 00550nam a2200217Ia 4500 | ||
|---|---|---|---|
| 003 | OSt | ||
| 005 | 20230405110026.0 | ||
| 008 | 210423s2006 xx 000 0 und d | ||
| 020 | _a9781584885269 | ||
| 040 | _cAL | ||
| 041 | _aeng | ||
| 082 |
_a511.322 NGUH _223 |
||
| 100 |
_aNGUYEN (Hung T);WALKER (Elbert A). _983190 |
||
| 245 | _aFirst course in fuzzy logic. | ||
| 250 | _a3 | ||
| 260 |
_aBoca Raton _bChapman & Hall _c2006 |
||
| 300 |
_ax,430 _bPB |
||
| 365 |
_b595 _cINR |
||
| 906 | _acourse ; first ; fuzzy ; logic. | ||
| 942 |
_2ddc _cBK |
||
| 999 |
_c158706 _d158706 |
||